00424 a2200097 4500001001000000005001700010008004100027245016000068100002200228773007600250ART_6228020260410161612.0260409a 10aAlgunas diferencias y similitudes entre la Norma Unificada Argentina de Contabilidad (NUA) y las Normas Internacionales de Información Financiera (NIIF).1 aZgaib, Alfredo O.0 tProfesional & Empresariag- Año XXVI, Nº 301 (ene./feb. 2025)wREV70